• 首页
  • 本馆介绍
  • 公告通知
  • 最新文献
  • 馆藏检索
  • 电子资源
  • 读者导购
  • 参考咨询
  • 我的图书馆
  • 登录
  • 详细信息显示
  • 放入我的书架
  • 预约/预借图书
  • 作者相关作品
  • 分类相关作品
  • 丛书相关作品
  • 出版社相关作品

书目信息

  • 表格格式
  • 工作单格式
  • 卡片格式
题名:
明清长江中游农村社会经济研究
    
 
作者: 张建民 著
分册:  
出版信息: 北京   商务印书馆  2010.11
页数: 420页
开本: 23cm
丛书名: 珞珈史学文库
单 册:
中图分类: F329.5 , K295
科图分类:
主题词: 农村经济 , 农村 , 社会发展
电子资源:
ISBN: 978-7-100-07360-8
000 01201oam2 2200337 450
001 010010005379
005 20130427084224.59
010    @a978-7-100-07360-8@dCNY45.00
100    @a20101125d2010 em y0chiy0110 ea
101 0  @achi
102    @aCN@b110000
105    @ak z 000yy
106    @ar
200 1  @a明清长江中游农村社会经济研究@9ming qing chang jiang zhong you nong cun she hui jing ji yan jiu@f张建民著
210    @a北京@c商务印书馆@d2010.11
215    @a420页@d23cm
225 2  @a珞珈史学文库@v6
300    @a“211工程”三期建设项目“新资料整理与中国古代文明进程研究”成果 武汉大学基础学科振兴行动计划资助出版
330    @a本书主要内容包括:明清湖广社会经济变迁、明代湖广人口变迁论、明代两湖地区的宗藩与地方社会、论明清时期的水资源利用、明清苏皖沿江平原圩田水利研究等。
461  0 @12001 @a珞珈史学文库@v6
606 0  @a农村经济
606 0  @a农村
606 0  @a社会发展
607    @a长江流域@x农村经济@x研究@z明清时代
607    @a长江流域@x农村@x社会发展@x研究@z明清时代
607    @a长江流域
690    @aF329.5@v4
690    @aK295@v4
701  0 @a张建民@9zhang jian min@f(1959-)@4著
801  0 @aCN@bRENTIAN@c20101125
905    @b542316-20@dF329.5@e137@f5
    
    明清长江中游农村社会经济研究/张建民著.-北京:商务印书馆,2010.11
    420页;23cm.-(珞珈史学文库;6)
    “211工程”三期建设项目“新资料整理与中国古代文明进程研究”成果 武汉大学基础学科振兴行动计划资助出版
    
    ISBN 978-7-100-07360-8:CNY45.00
    本书主要内容包括:明清湖广社会经济变迁、明代湖广人口变迁论、明代两湖地区的宗藩与地方社会、论明清时期的水资源利用、明清苏皖沿江平原圩田水利研究等。
●
相关链接 在E读中查询图书 在五车中查询图书 在当当中查询图书 在豆瓣中查询图书


正题名:明清长江中游农村社会经济研究     索取号:F329.5/137         预约/预借

序号 登录号 条形码 馆藏地/架位号 状态 备注
1 542316   205423166   第一样本阅览室/ [索取号:F329.5/137] 在馆    
2 542317   205423175   第一借阅区/ [索取号:F329.5/137] 在馆    
3 542318   205423184   第一借阅区/ [索取号:F329.5/137] 在馆    
4 542319   205423193   第一借阅区/ [索取号:F329.5/137] 在馆    
5 542320   205423200   第一借阅区/ [索取号:F329.5/137] 在馆    
唐山师范学院图书馆 欢迎您!
大连网信软件有限公司© 版权所有